000 00632nam a22002297a 4500
003 UA-OsUOA
001 100196
007 ta
008 20130522b un ||||| |||| 00| 0 ukr d
100 _aТолстой Л.
090 _a821.161.1
_bТ530
942 _cBK
040 _aUA-OsUOA
_bukr
_cUA-OsUOA
_dUA-OsUOA
245 _aКозаки
_bкавказька повість 1852 р.
300 _a150 с.
955 _a3
041 _aukr
080 _a821.161.1
260 _aК.
_bХудожня література
_c1950
650 7 _a82 Література. Літературознавство
_2UDC
999 _c386433
_d386433